000 00583nam a2200193Ia 4500
003 GCL
008 140319s9999 xx 000 0 ara d
040 _aGCL /
_cGCL
082 0 4 _a243
_bا ك
100 1 _aالسيد ابو ضيف المدنى
245 1 0 _aالكلمات الاخيرة /
_cالسيد ابو ضيف المدنى
260 _aالقاهرة :
_bدار الشروق ،
_c1989
300 _a158 ص ؛
_c20 سم
650 0 4 _aالاسلام
650 0 4 _aالعقائد
650 0 4 _aالموت
650 0 4 _aالموت(فقه اسلامى)
942 _2ddc
_cBK
999 _c46161
_d46161